[Event "Seefeld-Casino op 19th"]
[Site "Seefeld/Tirol (5.9.-13.9)"]
[Date "2008.09.12"]
[Round "8.13"]
[White "Ballon, Guenther Jan"]
[Black "Lundberg, Roland"]
[Result "1-0"]
[WhiteElo "1999"]
[BlackElo "2045"]
[PlyCount "87"]
[EventDate "2008.09.??"]
[EventType "swiss"]
[EventRounds "9"]
[Source "Ganslmayer"]
[SourceDate "2010.03.14"]
[WhiteTeamCountry "ITA"]

1. d4 g6 2. e4 d6 3. c4 Nf6 4. Nc3 Bg7 5. f3 O-O 6. Bg5 Nc6 7. Nge2 a6 8. d5
Ne5 9. Nd4 c5 10. Nc2 h6 11. Be3 Ne8 12. Be2 e6 13. O-O exd5 14. cxd5 b5 15. a3
Rb8 16. Qd2 Kh7 17. b4 Qc7 18. Rac1 Bb7 19. bxc5 dxc5 20. f4 Nd7 21. e5 Rd8 22.
Bf3 Qc8 23. Qf2 Rg8 24. Rfd1 g5 25. Bg4 Qa8 26. Bxd7 Rxd7 27. fxg5 Re7 28. Qf5+
Kh8 29. gxh6 Bxe5 30. Bxc5 Bc8 31. Qd3 Nd6 32. Nd4 Ree8 33. Rf1 Qb7 34. Nc6 Nc4
35. Rce1 Qc7 36. Bd4 f6 37. Kh1 Bd7 38. Rxf6 Bxd4 39. Rxe8 Rxe8 40. Qxd4 Ne5
41. Rf7 Qd6 42. Nxe5 Rxe5 43. Rxd7 Qf6 44. Ne2 1-0

[Event "Seefeld-Casino op 19th"]
[Site "Seefeld/Tirol (5.9.-13.9)"]
[Date "2008.09.12"]
[Round "8.14"]
[White "Fahnenschmidt, Gerhard Dr"]
[Black "Dallmeier, Gerhard"]
[Result "1-0"]
[WhiteElo "1883"]
[BlackElo "1693"]
[PlyCount "42"]
[EventDate "2008.09.??"]
[EventType "swiss"]
[EventRounds "9"]
[Source "Ganslmayer"]
[SourceDate "2010.03.14"]
[WhiteTeam "Sindelfingen VfL"]
[BlackTeam "Weissenfels-Roland SK"]

1. c4 Nf6 2. Nc3 g6 3. e4 d6 4. d4 Bg7 5. Be2 O-O 6. Bg5 h6 7. Bh4 Qe8 8. f4 c5
9. e5 Nh7 10. Nd5 Na6 11. Nxe7+ Kh8 12. exd6 Bxd4 13. Nf3 Bxb2 14. O-O Bg7 15.
Ne5 Nf6 16. Bd3 Bf5 17. Bxf5 gxf5 18. Bxf6 Bxf6 19. Qh5 Bxe7 20. Qxh6+ Kg8 21.
dxe7 Qxe7 1-0

[Event "Seefeld-Casino op 19th"]
[Site "Seefeld/Tirol (5.9.-13.9)"]
[Date "2008.09.12"]
[Round "8.15"]
[White "Voss, Ingo"]
[Black "Schnegg, Daniel"]
[Result "1-0"]
[WhiteElo "2019"]
[BlackElo "1985"]
[PlyCount "75"]
[EventDate "2008.09.??"]
[EventType "swiss"]
[EventRounds "9"]
[Source "Ganslmayer"]
[SourceDate "2010.03.14"]

1. f4 e5 2. fxe5 d6 3. exd6 Bxd6 4. Nf3 g5 5. g3 g4 6. Nh4 Ne7 7. d4 Ng6 8.
Nxg6 hxg6 9. Qd3 Nc6 10. c3 Bf5 11. e4 Qe7 12. Bg2 O-O-O 13. Bf4 Bxf4 14. gxf4
Rh3 15. Qe2 Re8 16. Nd2 Qh4+ 17. Kd1 Rxh2 18. Kc2 Qg3 19. Rxh2 Qxh2 20. Rf1 Kb8
21. Qf2 g3 22. Qf3 Bg4 23. Qxg4 Qxg2 24. Qf3 Qh2 25. Rh1 g2 26. Rxh2 g1=Q 27.
Rh1 Nxd4+ 28. cxd4 Qxd4 29. Qc3 Qa4+ 30. Kb1 a6 31. b3 Qb5 32. Rh8 Rxh8 33.
Qxh8+ Ka7 34. Qd4+ c5 35. Qd6 Qb4 36. Kb2 a5 37. Nc4 a4 38. Qd2 1-0

[Event "Seefeld-Casino op 19th"]
[Site "Seefeld/Tirol (5.9.-13.9)"]
[Date "2008.09.12"]
[Round "8.16"]
[White "Thoeny, Hermann"]
[Black "Buchaeckert, Juergen"]
[Result "1/2-1/2"]
[WhiteElo "1920"]
[BlackElo "1873"]
[PlyCount "26"]
[EventDate "2008.09.??"]
[EventType "swiss"]
[EventRounds "9"]
[Source "Ganslmayer"]
[SourceDate "2010.03.14"]
[WhiteTeam "AUT/Kundl"]
[BlackTeam "Ludwigshafen-1912 SK"]
[WhiteTeamCountry "AUT"]

1. d4 Nf6 2. Nf3 g6 3. c4 Bg7 4. Nc3 d5 5. cxd5 Nxd5 6. e4 Nxc3 7. bxc3 c5 8.
Rb1 O-O 9. Qd2 Nc6 10. d5 Ne5 11. Nxe5 Bxe5 12. Be2 e6 13. dxe6 Bxe6 1/2-1/2

[Event "Seefeld-Casino op 19th"]
[Site "Seefeld/Tirol (5.9.-13.9)"]
[Date "2008.09.12"]
[Round "8.17"]
[White "Allgaier, Erik"]
[Black "Dalnodar, Bernhard"]
[Result "1-0"]
[WhiteElo "2135"]
[BlackElo "1989"]
[PlyCount "110"]
[EventDate "2008.09.??"]
[EventType "swiss"]
[EventRounds "9"]
[Source "Ganslmayer"]
[SourceDate "2010.03.14"]
[WhiteTeamCountry "AUT"]

1. Nf3 Nf6 2. d4 g6 3. Nc3 Bg7 4. e4 d6 5. Be3 O-O 6. Qd2 c6 7. Bh6 Nbd7 8.
Bxg7 Kxg7 9. e5 Ne8 10. h4 h5 11. e6 Nb6 12. exf7 Nf6 13. Bd3 Be6 14. Ng5 Qd7
15. O-O-O Bxf7 16. Rh3 Bc4 17. Bxc4 Nxc4 18. Qe2 d5 19. Ne6+ Kh7 20. Nxf8+ Rxf8
21. Re1 Re8 22. Rf3 Kg7 23. Qe6 Qxe6 24. Rxe6 Kf7 25. Re2 Nd6 26. g3 Nf5 27.
Rd3 Nd7 28. Nd1 e5 29. dxe5 Nxe5 30. Ra3 a6 31. Ra4 Nd3+ 32. Kd2 Rxe2+ 33. Kxe2
Nc5 34. Ra3 Nd4+ 35. Kd2 Ne4+ 36. Kc1 Nc5 37. Re3 Nf5 38. Rf3 Ne6 39. c3 d4 40.
cxd4 Nexd4 41. Rd3 c5 42. Ne3 Nxe3 43. Rxe3 Ne6 44. Kd2 Nc7 45. f3 Ne8 46. Re5
b6 47. Kd3 Nd6 48. b3 Nf5 49. Rxc5 Ke7 50. g4 hxg4 51. h5 Ke6 52. h6 Nxh6 53.
Rc8 gxf3 54. Rb8 Nf7 55. Rxb6+ Kf5 1-0

[Event "Seefeld-Casino op 19th"]
[Site "Seefeld/Tirol (5.9.-13.9)"]
[Date "2008.09.12"]
[Round "8.18"]
[White "Schmidt, Juergen(52)"]
[Black "Kaye, Ferdinand"]
[Result "1/2-1/2"]
[WhiteElo "1921"]
[BlackElo "2042"]
[PlyCount "92"]
[EventDate "2008.09.??"]
[EventType "swiss"]
[EventRounds "9"]
[Source "Ganslmayer"]
[SourceDate "2010.03.14"]
[WhiteTeam "Berlin-Kreuzberg SC"]
[BlackTeam "Barmbek SK"]

1. e4 g6 2. d4 Bg7 3. c4 d6 4. Nf3 Nf6 5. Nc3 O-O 6. Be2 e5 7. d5 a5 8. h3 Na6
9. Nh2 Nc5 10. Qc2 Bd7 11. Bg5 h6 12. Be3 b6 13. Ng4 Kh7 14. Qc1 Ng8 15. Bxc5
bxc5 16. O-O f5 17. Nh2 Nf6 18. Bd3 f4 19. Be2 h5 20. Qd1 Rh8 21. Bf3 Kg8 22.
h4 Ng4 23. g3 fxg3 24. fxg3 Ne3 25. Qe2 Nxf1 26. Rxf1 Qe7 27. Nb5 Bh3 28. Rd1
Bh6 29. Rd3 Kg7 30. Nc3 Qf7 31. Bg2 Bxg2 32. Kxg2 Rhf8 33. Nf3 Qd7 34. Nd1 Rf7
35. Nf2 Raf8 36. Nh3 Qa4 37. Ra3 Qd7 38. Nfg5 Bxg5 39. Nxg5 Rf6 40. Ne6+ Rxe6
41. dxe6 Qxe6 42. Rxa5 Qf6 43. Ra3 Qd8 44. Rc3 Rf7 45. Rc1 Qa8 46. b3 Qa3
1/2-1/2

[Event "Seefeld-Casino op 19th"]
[Site "Seefeld/Tirol (5.9.-13.9)"]
[Date "2008.09.12"]
[Round "8.19"]
[White "Gerhards, Walter"]
[Black "Neubauer, Kai(65)"]
[Result "1-0"]
[WhiteElo "1849"]
[BlackElo "1981"]
[PlyCount "51"]
[EventDate "2008.09.??"]
[EventType "swiss"]
[EventRounds "9"]
[Source "Ganslmayer"]
[SourceDate "2010.03.14"]

1. e4 c5 2. Nf3 d6 3. d4 cxd4 4. Nxd4 Nf6 5. Nc3 a6 6. Be2 e5 7. Nb3 Be7 8. O-O
O-O 9. Be3 Be6 10. Qd2 Nbd7 11. Rad1 Nc5 12. f3 Qc7 13. Qe1 Rfd8 14. Qf2 Qc6
15. Na5 Qb6 16. Nc4 Bxc4 17. Bxc4 Qxb2 18. Nd5 Nxd5 19. Bxd5 Rab8 20. Rb1 Qc3
21. f4 exf4 22. Bd4 Qa5 23. Qxf4 Rf8 24. Bxf7+ Kh8 25. Qg4 Bf6 26. Rxf6 1-0

[Event "Seefeld-Casino op 19th"]
[Site "Seefeld/Tirol (5.9.-13.9)"]
[Date "2008.09.12"]
[Round "8.20"]
[White "Schumacher, Helmut(31)"]
[Black "Fischer, Gerd(59)"]
[Result "1/2-1/2"]
[WhiteElo "1972"]
[BlackElo "1846"]
[PlyCount "44"]
[EventDate "2008.09.??"]
[EventType "swiss"]
[EventRounds "9"]
[Source "Ganslmayer"]
[SourceDate "2010.03.14"]

1. d4 e6 2. e4 d5 3. Nc3 Nf6 4. Bg5 Be7 5. e5 Nfd7 6. Bxe7 Qxe7 7. f4 O-O 8.
Qd2 c5 9. Nf3 Nc6 10. dxc5 Nxc5 11. Bd3 a6 12. O-O Bd7 13. Rae1 Nxd3 14. cxd3
f5 15. exf6 Qxf6 16. Ne5 Be8 17. d4 Rc8 18. Qe3 Kh8 19. Rf2 Nxe5 20. fxe5 Qxf2+
21. Qxf2 Rxf2 22. Kxf2 Kg8 1/2-1/2

[Event "Seefeld-Casino op 19th"]
[Site "Seefeld/Tirol (5.9.-13.9)"]
[Date "2008.09.12"]
[Round "8.21"]
[White "Erhart, Uwe"]
[Black "Platzgummer, Peter"]
[Result "1/2-1/2"]
[WhiteElo "1954"]
[BlackElo "1960"]
[PlyCount "108"]
[EventDate "2008.09.??"]
[EventType "swiss"]
[EventRounds "9"]
[Source "Ganslmayer"]
[SourceDate "2010.03.14"]

1. e4 c5 2. Nf3 d6 3. d4 cxd4 4. Qxd4 Nc6 5. Bb5 Bd7 6. Bxc6 Bxc6 7. c4 Nf6 8.
Nc3 g6 9. O-O Bg7 10. Qd3 O-O 11. Nd4 Qb6 12. Rb1 Bxe4 13. Nxe4 Nxe4 14. Qxe4
Qxd4 15. Qxe7 Qxc4 16. Qxb7 Qxa2 17. Be3 Rab8 18. Qxa7 Qxa7 19. Bxa7 Rxb2 20.
Rbd1 Rd8 21. Rd5 f5 22. g3 Kf7 23. Rfd1 Ke6 24. Bd4 Bxd4 25. R1xd4 Rd7 26. h4
h5 27. Rd3 Re2 28. Kg2 Re5 29. R5d4 Re4 30. Rd5 Re5 31. R5d4 d5 32. Ra4 Kf6 33.
Rad4 Ke6 34. Ra4 Re2 35. Kf3 Re4 36. Ra8 Rd6 37. Ra7 d4 38. Ra5 Re1 39. Kg2 Rc1
40. Kf3 Rcc6 41. Ke2 Rd5 42. Ra8 Kd6 43. Kd2 Rb6 44. Re8 Kc5 45. Rc8+ Kb4 46.
Rc2 Kb5 47. Rb3+ Ka6 48. Ra2+ Kb7 49. Rxb6+ Kxb6 50. Kd3 Kb5 51. Rc2 Rd6 52.
Rc4 Rd5 53. Rxd4 Kc5 54. Rxd5+ Kxd5 1/2-1/2

[Event "Seefeld-Casino op 19th"]
[Site "Seefeld/Tirol (5.9.-13.9)"]
[Date "2008.09.12"]
[Round "8.22"]
[White "Schulze, Joachim"]
[Black "Russ, Colin A.H."]
[Result "1/2-1/2"]
[WhiteElo "1981"]
[BlackElo "1912"]
[PlyCount "51"]
[EventDate "2008.09.??"]
[EventType "swiss"]
[EventRounds "9"]
[Source "Ganslmayer"]
[SourceDate "2010.03.14"]

1. e4 c6 2. d4 d5 3. Nd2 dxe4 4. Nxe4 Bf5 5. Ng3 Bg6 6. Nf3 Nd7 7. h4 h6 8. h5
Bh7 9. Bd3 Bxd3 10. Qxd3 Qc7 11. Bd2 Ngf6 12. O-O-O e6 13. Ne4 Nxe4 14. Qxe4
Bd6 15. Qg4 Bf8 16. Ne5 Nxe5 17. dxe5 O-O-O 18. Bc3 Rg8 19. f4 Bc5 20. f5 Qe7
21. Rxd8+ Rxd8 22. Qxg7 Be3+ 23. Kb1 Qh4 24. Rf1 Qf2 25. Rh1 Qh4 26. Rf1
1/2-1/2

[Event "Seefeld-Casino op 19th"]
[Site "Seefeld/Tirol (5.9.-13.9)"]
[Date "2008.09.12"]
[Round "8.23"]
[White "Lins, Philipp"]
[Black "Lang, Ferdinand(49)"]
[Result "1-0"]
[WhiteElo "2008"]
[BlackElo "1968"]
[PlyCount "73"]
[EventDate "2008.09.??"]
[EventType "swiss"]
[EventRounds "9"]
[Source "Ganslmayer"]
[SourceDate "2010.03.14"]

1. Nf3 d5 2. g3 Bf5 3. Bg2 e6 4. O-O Nf6 5. d3 Be7 6. Nbd2 O-O 7. c3 c5 8. Qa4
Nc6 9. e4 Bg6 10. Re1 Nd7 11. exd5 exd5 12. d4 Nb6 13. Qd1 cxd4 14. Nxd4 Nxd4
15. cxd4 Rc8 16. Nf3 Bf6 17. Ne5 Bf5 18. g4 Be6 19. f4 g6 20. Rf1 Bg7 21. f5 f6
22. Nxg6 hxg6 23. fxe6 Re8 24. Qd3 Rxe6 25. Qxg6 Qe7 26. Qf5 Rd8 27. g5 Re1 28.
Bf4 Rxa1 29. Rxa1 fxg5 30. Bxg5 Bxd4+ 31. Kh1 Rf8 32. Bxd5+ Kg7 33. Qg4 Qd7 34.
Qxd4+ Kg6 35. Be4+ Kxg5 36. Rg1+ Kh6 37. Qe3+ 1-0

[Event "Seefeld-Casino op 19th"]
[Site "Seefeld/Tirol (5.9.-13.9)"]
[Date "2008.09.12"]
[Round "8.24"]
[White "Nachtkamp, Herbert"]
[Black "Klein, Gereon"]
[Result "1-0"]
[WhiteElo "1970"]
[BlackElo "1846"]
[PlyCount "53"]
[EventDate "2008.09.??"]
[EventType "swiss"]
[EventRounds "9"]
[Source "Ganslmayer"]
[SourceDate "2010.03.14"]
[WhiteTeam "Norderstedt SK"]
[BlackTeam "Kerpen SK"]

1. d4 d5 2. Nf3 Nf6 3. e3 Bf5 4. c4 c6 5. cxd5 cxd5 6. Nc3 e6 7. Ne5 h6 8. Qb3
Qb6 9. Qxb6 axb6 10. Bb5+ Nfd7 11. Bd2 Ke7 12. Nxd7 Nxd7 13. Na4 Nf6 14. Nxb6
Rb8 15. f3 g5 16. h3 Ne8 17. Rc1 Kd8 18. Ke2 Bd6 19. a3 Nc7 20. Ba4 e5 21. Bb3
exd4 22. exd4 Re8+ 23. Kf2 Be6 24. h4 g4 25. fxg4 Bxg4 26. Rhe1 h5 27. Bg5+ 1-0

[Event "Seefeld-Casino op 19th"]
[Site "Seefeld/Tirol (5.9.-13.9)"]
[Date "2008.09.12"]
[Round "8.25"]
[White "Moroder, Stefan"]
[Black "Oettinger, Hagen"]
[Result "1/2-1/2"]
[WhiteElo "2003"]
[BlackElo "2018"]
[PlyCount "160"]
[EventDate "2008.09.??"]
[EventType "swiss"]
[EventRounds "9"]
[Source "Ganslmayer"]
[SourceDate "2010.03.14"]

1. d4 Nf6 2. c4 e5 3. dxe5 Ne4 4. Qd4 Nc5 5. Nf3 Nc6 6. Qd2 d6 7. exd6 Bxd6 8.
Nc3 O-O 9. e3 Bg4 10. Nd4 Qf6 11. Nxc6 bxc6 12. Be2 Bf5 13. f3 Rad8 14. e4 Bg3+
15. hxg3 Rxd2 16. Bxd2 Bg6 17. Be3 Qe7 18. g4 Rd8 19. Kf2 Nd3+ 20. Bxd3 Rxd3
21. Rad1 Rxd1 22. Rxd1 h5 23. gxh5 Bxh5 24. Bxa7 Qb4 25. Rd8+ Kh7 26. Rb8 Qxc4
27. Be3 Qd3 28. a4 f6 29. Rb4 c5 30. Rb5 Bf7 31. a5 c6 32. Rxc5 Qc2+ 33. Ne2
Qxb2 34. a6 Qa2 35. Rxc6 Bc4 36. Rxc4 Qxc4 37. a7 Qa2 38. Kg3 Qxe2 39. a8=Q
Qxe3 40. Qc8 Qe1+ 41. Kh2 Qe2 42. Qf5+ Kh6 43. f4 g6 44. Qh3+ Kg7 45. Qd7+ Kf8
46. Qd6+ Kg8 47. Qe6+ Kg7 48. Qe7+ Kg8 49. e5 fxe5 50. Qe6+ Kh7 51. fxe5 Qf2
52. Qe7+ Kh6 53. Qb4 Kg7 54. Qb7+ Kg8 55. Qc8+ Kg7 56. Qc4 Qe3 57. Qd5 Qh6+ 58.
Kg1 Qe3+ 59. Kf1 Qc1+ 60. Kf2 Qc2+ 61. Ke3 Qc3+ 62. Ke4 Qc2+ 63. Kd4 Qa4+ 64.
Kc5 Qa7+ 65. Kd6 Qb8+ 66. Kd7 Qa7+ 67. Ke6 Qf7+ 68. Kd6 Qf8+ 69. Kd7 Qb8 70. e6
Qa7+ 71. Kd6 Qb8+ 72. Ke7 Qf8+ 73. Kd7 Qb8 74. Qd4+ Kg8 75. e7 Qb5+ 76. Ke6
Qc6+ 77. Qd6 Qe4+ 78. Kd7 Qb7+ 79. Kd8 Qa8+ 80. Kd7 Qb7+ 1/2-1/2

[Event "Seefeld-Casino op 19th"]
[Site "Seefeld/Tirol (5.9.-13.9)"]
[Date "2008.09.12"]
[Round "8.26"]
[White "Wiesbeck, Florian"]
[Black "Willin, Bernhard"]
[Result "1-0"]
[WhiteElo "1887"]
[BlackElo "1749"]
[PlyCount "93"]
[EventDate "2008.09.??"]
[EventType "swiss"]
[EventRounds "9"]
[Source "Ganslmayer"]
[SourceDate "2010.03.14"]
[WhiteTeam "AUT/Moosburg SV"]
[BlackTeam "SUI/Grenzach"]
[WhiteTeamCountry "AUT"]
[BlackTeamCountry "SUI"]

1. d4 g6 2. c4 Bg7 3. Nc3 d6 4. e4 Nf6 5. f3 a6 6. Be3 Nbd7 7. Qd2 e5 8. Nge2
Rb8 9. Rc1 O-O 10. Ng3 exd4 11. Bxd4 Nc5 12. Be2 h5 13. O-O Bd7 14. Rfd1 Qe7
15. Be3 Ne6 16. b3 Rfe8 17. Nd5 Qf8 18. Nxf6+ Bxf6 19. c5 Be7 20. cxd6 cxd6 21.
e5 Bc6 22. exd6 Bf6 23. Ne4 Bg7 24. Bc4 Rbd8 25. Ng5 Bh6 26. Nxe6 Bxe3+ 27.
Qxe3 Rxd6 28. Rxd6 Qxd6 29. Qh6 fxe6 30. Qxg6+ Kf8 31. Qf6+ Kg8 32. Qg6+ Kf8
33. Qxh5 Qd2 34. Qh8+ Kf7 35. Qc3 Qg5 36. Re1 b5 37. Bxe6+ Rxe6 38. Rxe6 Kxe6
39. Qxc6+ Kf7 40. Qd7+ Kf8 41. Qc8+ Ke7 42. Qc2 Qe3+ 43. Kf1 Kd6 44. h4 Qd4 45.
g3 a5 46. Kg2 b4 47. h5 1-0

[Event "Seefeld-Casino op 19th"]
[Site "Seefeld/Tirol (5.9.-13.9)"]
[Date "2008.09.12"]
[Round "8.27"]
[White "Handl, Hans"]
[Black "Strasser, Josef(64)"]
[Result "1/2-1/2"]
[WhiteElo "1759"]
[BlackElo "1936"]
[PlyCount "72"]
[EventDate "2008.09.??"]
[EventType "swiss"]
[EventRounds "9"]
[Source "Ganslmayer"]
[SourceDate "2010.03.14"]
[WhiteTeamCountry "AUT"]
[BlackTeamCountry "SUI"]

1. Nf3 d5 2. d4 Nf6 3. g3 e6 4. Bg2 Be7 5. O-O b6 6. Re1 O-O 7. c3 Bb7 8. Nbd2
Nbd7 9. b3 c5 10. Bb2 Rc8 11. c4 Re8 12. Rc1 dxc4 13. Nxc4 cxd4 14. Nxd4 Bxg2
15. Kxg2 Nf8 16. e3 Ng6 17. Kg1 Qd5 18. Qf3 Qxf3 19. Nxf3 Rc7 20. Nd4 Rc5 21.
Nd2 Rec8 22. Rxc5 Rxc5 23. Rc1 a6 24. Rxc5 Bxc5 25. N4f3 Nd5 26. a3 Kf8 27. Kf1
b5 28. b4 Bb6 29. Nb3 f6 30. Nfd4 Nc7 31. Nc6 Ne7 32. Nxe7 Kxe7 33. Bd4 Bxd4
34. Nxd4 Kd6 35. Ke2 Kd5 36. Kd3 f5 1/2-1/2

[Event "Seefeld-Casino op 19th"]
[Site "Seefeld/Tirol (5.9.-13.9)"]
[Date "2008.09.12"]
[Round "8.28"]
[White "Winter, Bernd(41)"]
[Black "Schett, Franz"]
[Result "1-0"]
[WhiteElo "1948"]
[BlackElo "1621"]
[PlyCount "81"]
[EventDate "2008.09.??"]
[EventType "swiss"]
[EventRounds "9"]
[Source "Ganslmayer"]
[SourceDate "2010.03.14"]
[WhiteTeamCountry "AUT"]
[BlackTeamCountry "SUI"]

1. e4 c5 2. Nf3 d6 3. d4 cxd4 4. Nxd4 Nc6 5. Nc3 a6 6. Be2 e6 7. O-O Qc7 8. Be3
Nf6 9. f4 Be7 10. Kh1 O-O 11. Qe1 b5 12. a3 Nxd4 13. Bxd4 Bb7 14. Qg3 d5 15.
Bf3 Rad8 16. Be5 Qc4 17. exd5 exd5 18. Rfe1 Rd7 19. Rad1 Ne8 20. Rd2 f6 21. Bd4
Bd6 22. b3 Qc7 23. Nxd5 Bxd5 24. Bxd5+ Kh8 25. Rde2 Re7 26. Rxe7 Bxe7 27. Qe3
Bxa3 28. Qxe8 Qxf4 29. Qe4 Qd6 30. c3 a5 31. g3 h6 32. Qe6 Qd8 33. Bb6 Qb8 34.
Bxa5 Bd6 35. Kg2 Be5 36. Bb4 Re8 37. Qf5 Qd8 38. c4 g5 39. Be4 Qc7 40. Rd1 bxc4
41. Rd7 1-0

[Event "Seefeld-Casino op 19th"]
[Site "Seefeld/Tirol (5.9.-13.9)"]
[Date "2008.09.12"]
[Round "8.29"]
[White "Grosse, Manfred"]
[Black "Becker, Wolfgang(11.58)"]
[Result "0-1"]
[WhiteElo "1837"]
[BlackElo "1778"]
[PlyCount "67"]
[EventDate "2008.09.??"]
[EventType "swiss"]
[EventRounds "9"]
[Source "Ganslmayer"]
[SourceDate "2010.03.14"]
[WhiteTeamCountry "AUT"]
[BlackTeamCountry "SUI"]

1. c4 e5 2. Nc3 Nf6 3. Nf3 Nc6 4. d3 Bb4 5. Bg5 d6 6. a3 Bxc3+ 7. bxc3 O-O 8.
e4 h6 9. Bc1 Ne7 10. Be2 Nh7 11. O-O Ng6 12. Ne1 f5 13. exf5 Bxf5 14. Nc2 Nf6
15. Ne3 Qd7 16. Nxf5 Qxf5 17. Rb1 Rab8 18. g4 Qc8 19. Kh1 Nf4 20. Bxf4 exf4 21.
Bf3 b6 22. Kg2 g5 23. h4 Kg7 24. hxg5 hxg5 25. Rh1 Qd7 26. d4 Rh8 27. Rh5 Rxh5
28. gxh5 g4 29. Bd5 g3 30. Kf1 Rh8 31. Qd3 Rxh5 32. Kg1 Qe7 33. Bc6 Nh7 34. Rb5
0-1

[Event "Seefeld-Casino op 19th"]
[Site "Seefeld/Tirol (5.9.-13.9)"]
[Date "2008.09.12"]
[Round "8.30"]
[White "Duric, Rajko"]
[Black "Vonach, Bernhard Dr"]
[Result "0-1"]
[WhiteElo "1694"]
[BlackElo "1817"]
[PlyCount "114"]
[EventDate "2008.09.??"]
[EventType "swiss"]
[EventRounds "9"]
[Source "Ganslmayer"]
[SourceDate "2010.03.14"]
[WhiteTeamCountry "AUT"]
[BlackTeamCountry "SUI"]

1. e4 e5 2. Nf3 Nc6 3. Bc4 Nf6 4. Ng5 d5 5. exd5 Na5 6. Bb5+ Bd7 7. Bxd7+ Qxd7
8. O-O Nxd5 9. d3 Nc6 10. c3 f6 11. Ne4 O-O-O 12. Qe2 f5 13. Ng3 g6 14. Bg5 Re8
15. Bc1 Nf4 16. Qc2 Nxd3 17. Rd1 e4 18. Be3 Qf7 19. Ne2 Bd6 20. Nc1 Nde5 21.
Qb3 Qf6 22. Ne2 Qh4 23. Rxd6 cxd6 24. Bf4 Qg4 25. Kf1 Nd3 26. h3 Qxe2+ 27. Kxe2
Nxf4+ 28. Kf1 h5 29. Na3 d5 30. Nb5 Rd8 31. Rd1 Nd3 32. Qa3 Rhg8 33. Nxa7+ Nxa7
34. Qxa7 g5 35. Ke2 Nf4+ 36. Kf1 h4 37. c4 d4 38. Qc5+ Kb8 39. Qxf5 Rde8 40.
Rxd4 e3 41. Rxf4 e2+ 42. Ke1 gxf4 43. Qxf4+ Ka8 44. Qxh4 Rxg2 45. Qg4 Rxg4 46.
hxg4 Re4 47. b3 Ka7 48. f3 Re3 49. g5 Kb6 50. g6 Rxf3 51. Kxe2 Rf4 52. Ke3 Rg4
53. Kd3 Kc5 54. a3 Rg3+ 55. Kc2 Kd4 56. c5 Rg2+ 57. Kb1 Kxc5 0-1

[Event "Seefeld-Casino op 19th"]
[Site "Seefeld/Tirol (5.9.-13.9)"]
[Date "2008.09.12"]
[Round "8.31"]
[White "Werner, Bernd(56)"]
[Black "Perkmann, Gottfried"]
[Result "0-1"]
[WhiteElo "1721"]
[BlackElo "1801"]
[PlyCount "72"]
[EventDate "2008.09.??"]
[EventType "swiss"]
[EventRounds "9"]
[Source "Ganslmayer"]
[SourceDate "2010.03.14"]
[WhiteTeamCountry "AUT"]
[BlackTeamCountry "SUI"]

1. e4 e6 2. d4 d5 3. e5 c5 4. c3 Nc6 5. Nf3 Qb6 6. Bd3 cxd4 7. cxd4 Bb4+ 8. Nc3
Bd7 9. O-O Nxd4 10. Nxd4 Qxd4 11. Bb5 Bxc3 12. Bxd7+ Kxd7 13. bxc3 Qxd1 14.
Rxd1 Rc8 15. Rb1 b6 16. Bb2 Ne7 17. Rbc1 Rc4 18. g3 Rhc8 19. Rd4 Rxd4 20. cxd4
Rxc1+ 21. Bxc1 b5 22. f4 Nc6 23. Bb2 a5 24. Kf1 b4 25. Ke2 Kc7 26. Kd3 a4 27.
g4 g6 28. h3 Na5 29. Bc1 Kc6 30. Bd2 Kb5 31. Be3 Nc4 32. Bc1 b3 33. axb3 axb3
34. Kc3 b2 35. Bxb2 Nxb2 36. Kxb2 Kc4 0-1

[Event "Seefeld-Casino op 19th"]
[Site "Seefeld/Tirol (5.9.-13.9)"]
[Date "2008.09.12"]
[Round "8.32"]
[White "Rudolph, Joachim"]
[Black "Stock, Juergen(56)"]
[Result "0-1"]
[WhiteElo "1578"]
[BlackElo "1886"]
[PlyCount "86"]
[EventDate "2008.09.??"]
[EventType "swiss"]
[EventRounds "9"]
[Source "Ganslmayer"]
[SourceDate "2010.03.14"]
[WhiteTeamCountry "AUT"]
[BlackTeamCountry "SUI"]

1. Nf3 e6 2. e3 f5 3. d4 Nf6 4. Be2 d5 5. Nbd2 Bd6 6. Ne5 Bxe5 7. dxe5 Ne4 8.
O-O Nd7 9. f3 Ng5 10. b3 c6 11. f4 Nf7 12. Nf3 c5 13. Bb2 O-O 14. Qd2 b6 15. c3
Bb7 16. Rac1 Rc8 17. Rc2 Kh8 18. Rcc1 Rg8 19. Rcd1 g5 20. g3 gxf4 21. exf4 Nf8
22. Rf2 Qe7 23. Qe1 Ng6 24. Kf1 Qf8 25. Bc1 Rd8 26. Rd3 Qh6 27. Ng1 Ne7 28. Qd1
Nc6 29. Ke1 Qg7 30. a3 Rd7 31. Bb2 Rgd8 32. Qc2 Nh6 33. Nh3 Ba6 34. c4 dxc4 35.
Rxd7 Qxd7 36. bxc4 Nd4 37. Bxd4 Qxd4 38. Qc1 Ng4 39. Bxg4 fxg4 40. Ng5 Rd7 41.
h4 gxh3 42. Nxh3 Bxc4 43. Ng5 h6 0-1

[Event "Seefeld-Casino op 19th"]
[Site "Seefeld/Tirol (5.9.-13.9)"]
[Date "2008.09.12"]
[Round "8.33"]
[White "Ganslmayer, Herbert"]
[Black "Senn, Othmar"]
[Result "0-1"]
[WhiteElo "1724"]
[BlackElo "1653"]
[PlyCount "76"]
[EventDate "2008.09.??"]
[EventType "swiss"]
[EventRounds "9"]
[Source "Ganslmayer"]
[SourceDate "2010.03.14"]
[WhiteTeamCountry "AUT"]
[BlackTeamCountry "SUI"]

1. g3 d5 2. Bg2 Bg4 3. d3 f5 4. Nf3 Nf6 5. Ne5 Bh5 6. Nd2 e6 7. Ndf3 Bxf3 8.
Bxf3 Nbd7 9. Nxd7 Qxd7 10. b3 Bb4+ 11. Bd2 Bxd2+ 12. Qxd2 O-O 13. O-O Qd6 14.
c4 c6 15. Rfd1 Rad8 16. Qc2 Rf7 17. Bg2 Rdf8 18. c5 Qc7 19. e3 Nd7 20. b4 Ne5
21. h3 Rf6 22. f4 Nd7 23. e4 Rg6 24. Kh2 e5 25. exd5 exf4 26. d6 fxg3+ 27. Kh1
Qd8 28. Qc4+ Kh8 29. Rf1 Ne5 30. Rae1 Nxc4 31. dxc4 Rgf6 32. Re7 R6f7 33. Rfe1
Rxe7 34. dxe7 Qb8 35. exf8=Q+ Qxf8 36. a4 g6 37. Rd1 f4 38. Bf3 Qf5 0-1

[Event "Seefeld-Casino op 19th"]
[Site "Seefeld/Tirol (5.9.-13.9)"]
[Date "2008.09.12"]
[Round "8.34"]
[White "Michel, Jan"]
[Black "Kliem, Klaus-Peter"]
[Result "0-1"]
[WhiteElo "1481"]
[BlackElo "1662"]
[PlyCount "82"]
[EventDate "2008.09.??"]
[EventType "swiss"]
[EventRounds "9"]
[Source "Ganslmayer"]
[SourceDate "2010.03.14"]
[WhiteTeamCountry "AUT"]
[BlackTeamCountry "SUI"]

1. e4 e5 2. Nc3 Nf6 3. Bc4 Nc6 4. Nf3 Bc5 5. O-O O-O 6. Bb3 d6 7. h3 Nd4 8. d3
Nxb3 9. axb3 a6 10. Na4 Ba7 11. c4 h6 12. Bd2 Be6 13. Nc3 Nd7 14. b4 f5 15.
exf5 Bxf5 16. Be3 Bxe3 17. fxe3 c6 18. e4 Be6 19. Kh1 Nf6 20. Nh2 Qe8 21. Qe2
Qg6 22. Rf2 Nh5 23. Rxf8+ Rxf8 24. Qe3 Ng3+ 25. Kg1 Bxh3 26. Nf1 Nxf1 27. Qxh3
Nd2 28. Kh2 Nf1+ 29. Kg1 Ng3 30. Kh2 Nh5 31. Ne2 Rf2 32. Ng1 Nf4 33. Qc8+ Kh7
34. Qf5 Qxf5 35. exf5 Rxg2+ 36. Kh1 Rxb2 37. Rf1 Rxb4 38. Nf3 Nxd3 39. Nh4 Nf4
40. Rd1 d5 41. cxd5 cxd5 0-1

[Event "Seefeld-Casino op 19th"]
[Site "Seefeld/Tirol (5.9.-13.9)"]
[Date "2008.09.12"]
[Round "8.35"]
[White "Aufmwasser, Guenter"]
[Black "Aab, Manfred"]
[Result "0-1"]
[WhiteElo "1553"]
[BlackElo "1532"]
[PlyCount "82"]
[EventDate "2008.09.??"]
[EventType "swiss"]
[EventRounds "9"]
[Source "Ganslmayer"]
[SourceDate "2010.03.14"]
[WhiteTeamCountry "AUT"]
[BlackTeamCountry "SUI"]

1. f4 Nf6 2. Nf3 d5 3. e3 c5 4. b3 g6 5. Bb2 Bg7 6. Be2 O-O 7. O-O Nc6 8. a3 a6
9. Qe1 e6 10. d3 b5 11. Nbd2 Ng4 12. Bxg7 Kxg7 13. Bd1 Qe7 14. h3 Nf6 15. Ne5
Nxe5 16. fxe5 Nd7 17. Nf3 Bb7 18. Qg3 c4 19. d4 cxb3 20. cxb3 Rac8 21. Rf2 Rc3
22. Ng5 h6 23. Rxf7+ Rxf7 24. Nxf7 Qxf7 25. Bg4 Rc7 26. Rf1 Qe8 27. Rf6 Rc1+
28. Rf1 Rxf1+ 29. Kxf1 a5 30. Qf4 Qf7 31. b4 a4 32. h4 Nb6 33. Be2 Nc4 34. Bxc4
bxc4 35. Qxf7+ Kxf7 36. Ke2 Ba6 37. Kd2 g5 38. h5 g4 39. g3 Ke7 40. Kc3 Bb5 41.
Kc2 Kd8 0-1